[Event "Jm KP I 23-24 Loko Brno B - Lipovec"]
[Site "?"]
[Date "2023.12.10"]
[Round "23.7"]
[White "Slegl, Milan"]
[Black "Sevcik, Milan"]
[Result "1/2-1/2"]
[WhiteElo "1456"]
[BlackElo "1840"]
[PlyCount "35"]
[Source "Analyze This Pr"]

1. d4 Nf6 2. Nf3 d6 3. c4 Nbd7 4. Nc3 e5 5. e3 h6 6. Bd3 Qe7 7. dxe5 Nxe5 8.
Nxe5 Qxe5 9. Qc2 Be7 10. O-O Ng4 11. f4 Qh5 12. g3 c6 13. Qg2 Nf6 14. Be2 Qc5
15. Ne4 Nxe4 16. Qxe4 Bf5 17. Qd4 Qxd4 18. exd4 1/2-1/2

[Event "Jm KP I 23-24 Loko Brno B - Lipovec"]
[Site "?"]
[Date "2023.12.10"]
[Round "23.8"]
[White "Jirasko, Martin"]
[Black "Stoudek, Michal"]
[Result "1-0"]
[WhiteElo "1523"]
[BlackElo "1431"]
[PlyCount "75"]
[Source "Analyze This Pr"]

1. e4 c6 2. Nf3 d5 3. exd5 cxd5 4. d4 Nf6 5. Be2 Bf5 6. O-O h6 7. c4 Nc6 8. c5
b6 9. Bb5 Bd7 10. Bxc6 Bxc6 11. Ne5 Bd7 12. b4 Rc8 13. Nc3 e6 14. a4 a5 15. b5
bxc5 16. dxc5 Bxc5 17. Ne2 O-O 18. Nd4 Qb6 19. Nb3 Qb8 20. Nxc5 Qxe5 21. Ba3
Qc7 22. Na6 Qb6 23. Bxf8 Kxf8 24. Rc1 Ne4 25. Rxc8+ Bxc8 26. Qd3 Ke7 27. Qa3+
Kf6 28. Qf3+ Ke7 29. Qa3+ Kf6 30. Qb2+ d4 31. Rc1 Nd6 32. Rc6 Qd8 33. Qxd4+ Ke7
34. Qa7+ Kf8 35. Qb8 Ne8 36. h3 Qd1+ 37. Kh2 Bxa6 38. Rxa6 1-0

[Event "Jm KP I 23-24 Jundrov C-Veseli"]
[Site "?"]
[Date "2024.04.07"]
[Round "24.1"]
[White "Svobodova, Michaela"]
[Black "Symersky, Petr"]
[Result "1/2-1/2"]
[WhiteElo "1985"]
[BlackElo "2087"]
[PlyCount "109"]

1. e4 e5 2. Nf3 Nc6 3. Nc3 d6 4. d4 Be7 5. Bb5 exd4 6. Qxd4 Bf6 7. e5 dxe5 8.
Qe4 Nge7 9. Bg5 Bf5 10. Bxc6+ bxc6 11. Qe2 Bxg5 12. Nxg5 f6 13. Nge4 Rb8 14.
Rd1 Qc8 15. b3 O-O 16. O-O Qb7 17. f4 Qb6+ 18. Kh1 Ng6 19. fxe5 fxe5 20. Qc4+
Kh8 21. Ng5 h6 22. Nf7+ Rxf7 23. Qxf7 Bxc2 24. Rd7 Rg8 25. Qf2 Qa6 26. Qe2 Qxe2
27. Nxe2 e4 28. Nc3 Bd3 29. Re1 Rf8 30. Kg1 Rf4 31. g3 Rg4 32. Kf2 Ne5 33. Rd8+
Kh7 34. h3 Rg5 35. Nxe4 Rf5+ 36. Kg2 Bb5 37. g4 Rf7 38. Ng5+ hxg5 39. Rxe5 Kg6
40. Re6+ Kh7 41. Rde8 Rd7 42. a4 Rd2+ 43. Kg3 Ba6 44. R8e7 Bf1 45. Re1 Ba6 46.
Rxc7 Rd3+ 47. Kg2 Rxb3 48. Ree7 Bc4 49. Rxg7+ Kh6 50. Rgd7 Rb2+ 51. Kf3 Rb3+
52. Ke4 Bd5+ 53. Kd4 Rb4+ 54. Kc3 Rb3+ 55. Kc2 1/2-1/2

[Event "Jm KP I 23-24 Jundrov C-Veseli"]
[Site "?"]
[Date "2024.04.07"]
[Round "24.2"]
[White "Skalka, Jan"]
[Black "Ruzicka, Frantisek"]
[Result "0-1"]
[WhiteElo "1966"]
[BlackElo "2009"]
[PlyCount "82"]

1. c4 Nf6 2. g3 g6 3. Bg2 Bg7 4. Nc3 O-O 5. e4 d6 6. Nge2 e5 7. O-O Nc6 8. d3
Be6 9. h3 Qd7 10. Kh2 Kh8 11. Nd5 Ng8 12. Be3 Nce7 13. d4 c6 14. Nxe7 Qxe7 15.
d5 cxd5 16. cxd5 Bd7 17. Rc1 Bb5 18. Re1 f5 19. Nc3 Bd7 20. f4 g5 21. fxe5 f4
22. exd6 Qxd6 23. Bd4 fxg3+ 24. Kh1 Be5 25. Ne2 g4 26. Bxe5+ Qxe5 27. Qd4 Qxd4
28. Nxd4 gxh3 29. Bf3 Rac8 30. e5 Rf4 31. e6 Rxc1 32. Rxc1 Bxe6 33. dxe6 Rxd4
34. Rc8 Kg7 35. Rc7+ Kf6 36. Rxh7 Rd3 37. Bg4 h2 38. Rf7+ Kg5 39. Rg7+ Kf4 40.
Rxg8 Re3 41. Kg2 Re1 0-1

[Event "Jm KP I 23-24 Jundrov C-Veseli"]
[Site "?"]
[Date "2024.04.07"]
[Round "24.3"]
[White "Ruzicka, Martin"]
[Black "Krizek, Frantisek"]
[Result "0-1"]
[WhiteElo "1966"]
[BlackElo "1959"]
[PlyCount "100"]

1. d4 c5 2. d5 e5 3. e4 d6 4. Nf3 Ne7 5. c4 Ng6 6. Nc3 Be7 7. Bd3 O-O 8. Bd2
Bg4 9. h3 Bxf3 10. Qxf3 Bg5 11. O-O-O Bxd2+ 12. Rxd2 Nd7 13. h4 a6 14. h5 Nh8
15. Qg4 f6 16. f4 Nf7 17. g3 Re8 18. Kb1 Nf8 19. Qh3 Qa5 20. Rg2 h6 21. Nd1 b5
22. Ne3 bxc4 23. Nxc4 Qc7 24. Ne3 Nh7 25. Qg4 Kh8 26. Nf5 Nd8 27. Qg6 Rf8 28.
Rh4 Rf7 29. Rg4 Nf8 30. Rh2 Nxg6 31. hxg6 c4 32. Bc2 Qc5 33. Rh1 Rb7 34. Rgh4
Nf7 35. gxf7 Rxf7 36. Nxh6 gxh6 37. Rxh6+ Kg7 38. Rh7+ Kf8 39. Rh8+ Ke7 40.
Rxa8 c3 41. bxc3 exf4 42. Rhh8 f5 43. gxf4 Qxc3 44. Rae8+ Kf6 45. e5+ dxe5 46.
fxe5+ Kg5 47. Reg8+ Kf4 48. e6 Rc7 49. Rh2 Qb4+ 50. Bb3 Qe1+ 0-1

[Event "Jm KP I 23-24 Jundrov C-Veseli"]
[Site "?"]
[Date "2024.04.07"]
[Round "24.4"]
[White "Klener, Richard"]
[Black "Tioka, Zdenek"]
[Result "1-0"]
[WhiteElo "1977"]
[BlackElo "1965"]
[PlyCount "123"]

1. e4 d6 2. d4 Nf6 3. Nc3 g6 4. Be2 Bg7 5. h4 h5 6. Bg5 Nbd7 7. Qd2 c5 8. O-O-O
cxd4 9. Qxd4 Qb6 10. Be3 Qxd4 11. Bxd4 O-O 12. f3 Nc5 13. e5 Ne8 14. Nd5 Bxe5
15. Nxe7+ Kg7 16. Bxe5+ dxe5 17. Rd5 Ne6 18. Nxc8 Rxc8 19. Rxe5 Nd6 20. g4 Nf4
21. Nh3 Kf6 22. Re3 Nxe2+ 23. Rxe2 hxg4 24. fxg4 Rc4 25. Rf1+ Kg7 26. Rf4 Rfc8
27. b3 Rc3 28. Ng5 R8c7 29. Kb2 a6 30. Ref2 Re3 31. h5 gxh5 32. gxh5 Rg3 33.
h6+ Kxh6 34. Nxf7+ Nxf7 35. Rxf7 Rg7 36. Rxg7 Kxg7 37. c4 Kg6 38. Ka3 Kg5 39.
Kb4 Kg6 40. Rf8 Kg7 41. Rf5 Re7 42. Kc5 Kg6 43. Rf2 Re6 44. b4 Kg7 45. Kd5 Rb6
46. a3 Rh6 47. Rf3 Rb6 48. c5 Rc6 49. Rf4 Rg6 50. Rf3 Rc6 51. a4 Rg6 52. b5 Rh6
53. c6 axb5 54. axb5 Rh5+ 55. Kd6 Rxb5 56. c7 Rb6+ 57. Kd7 Rf6 58. Rg3+ Kf7 59.
c8=Q Rd6+ 60. Kxd6 b5 61. Qg8+ Kf6 62. Rf3# 1-0

[Event "Jm KP I 23-24 Jundrov C-Veseli"]
[Site "?"]
[Date "2024.04.07"]
[Round "24.5"]
[White "Sipek, Michal"]
[Black "Bilek, Petr"]
[Result "0-1"]
[WhiteElo "1932"]
[BlackElo "2010"]
[PlyCount "90"]

1. c4 {[%emt 0:00:00]} 1... c5 2. Nf3 Nf6 3. Nc3 Nc6 4. g3 g6 5. Bg2 Bg7 6. d3
d6 7. Bg5 O-O 8. Qd2 Nd4 9. Nxd4 cxd4 10. Nd5 Nxd5 11. Bxd5 Qc7 12. h4 e6 13.
Bf3 f6 14. Bh6 Bxh6 15. Qxh6 Qg7 16. Qf4 e5 17. Bd5+ Kh8 18. Qd2 Rb8 19. Qb4
Qc7 20. Rc1 b6 21. f3 Bd7 22. Qd2 Rbe8 23. Kf2 Be6 24. Bxe6 Rxe6 25. Rc2 f5 26.
b4 f4 27. g4 Qe7 28. a4 Ra8 29. h5 gxh5 30. Rxh5 Rg8 31. Rc1 Rg5 32. Rh3 Rgg6
33. Rch1 h6 34. a5 d5 35. cxd5 Rd6 36. Qc2 Kg7 37. Qc4 Qd7 38. Rh5 bxa5 39.
bxa5 Rxd5 40. g5 Qc6 41. gxh6+ Kh7 42. Qb4 Rc5 43. Rf5 Rg2+ 44. Kxg2 Qg6+ 45.
Kf2 Qg3+ 0-1

[Event "Jm KP I 23-24 Jundrov C-Veseli"]
[Site "?"]
[Date "2024.04.07"]
[Round "24.6"]
[White "Pistek, Jan"]
[Black "Vojtek, Pavel"]
[Result "1/2-1/2"]
[WhiteElo "1917"]
[BlackElo "1876"]
[PlyCount "36"]

1. e4 d5 2. exd5 Qxd5 3. Nc3 Qd6 4. d4 Bf5 5. Nf3 Nd7 6. Be3 O-O-O 7. a3 a6 8.
Qd2 e5 9. O-O-O Ngf6 10. dxe5 Qxd2+ 11. Rxd2 Ng4 12. Bf4 Bc5 13. Bg3 Rde8 14.
Bc4 Ngxe5 15. Nxe5 Nxe5 16. Bb3 Bg6 17. Rd5 Bd6 18. f3 f6 1/2-1/2

[Event "Jm KP I 23-24 Jundrov C-Veseli"]
[Site "?"]
[Date "2024.04.07"]
[Round "24.7"]
[White "Rysanek, Jakub"]
[Black "Uricar, Zdenek"]
[Result "1-0"]
[WhiteElo "1939"]
[BlackElo "1911"]
[PlyCount "107"]

1. e4 c5 2. Nc3 Nc6 3. f4 g6 4. Nf3 Bg7 5. Bc4 d6 6. h3 e6 7. O-O Nge7 8. Qe1
O-O 9. d3 Na5 10. Be3 Nec6 11. Bb3 Nxb3 12. axb3 Nd4 13. Bxd4 cxd4 14. Nb5 Qb6
15. Qa5 Qc5 16. Nc7 Rb8 17. Qxc5 dxc5 18. Rxa7 Bd7 19. Na6 Ra8 20. Rxa8 Rxa8
21. Nxc5 Bc6 22. b4 Ra2 23. Rb1 b6 24. Nb3 f5 25. Nfxd4 Ba4 26. e5 Bd7 27. Kf2
g5 28. g3 Kf7 29. Ne2 gxf4 30. gxf4 Bf8 31. c3 Bh6 32. Ke3 Bc6 33. c4 Bf8 34.
b5 Bg2 35. Nc3 Ra8 36. Rg1 Bb7 37. Ra1 Rxa1 38. Nxa1 Bc5+ 39. d4 Be7 40. Na4
Bg2 41. Nxb6 Bxh3 42. c5 Bf1 43. Nc8 Bd8 44. b6 Bg2 45. Nc2 h5 46. Ne1 Bd5 47.
Nf3 Ke8 48. b4 Kd7 49. Nd6 h4 50. b5 h3 51. c6+ Bxc6 52. bxc6+ Kxc6 53. b7 Kc7
54. Kf2 1-0

[Event "Jm KP I 23-24 Jundrov C-Veseli"]
[Site "?"]
[Date "2024.04.07"]
[Round "24.8"]
[White "Skalka, Michal"]
[Black "Tovarek, Antonin"]
[Result "1-0"]
[WhiteElo "1896"]
[BlackElo "1890"]
[PlyCount "39"]

1. e4 e5 2. Nc3 Bb4 3. Bc4 Nf6 4. d3 h6 5. Bd2 d6 6. Nd5 Nxd5 7. Bxd5 Bc5 8.
Qf3 Qe7 9. Qg3 Qf6 10. Bc3 O-O 11. Ne2 c6 12. Bb3 Be6 13. Rf1 Bxb3 14. axb3 Qg5
15. Qh3 Qg6 16. f4 exf4 17. Nxf4 Qg5 18. Rf3 g6 19. Ne6 fxe6 20. Qxe6+ 1-0

[Event "Jm KP I 23-24 Veseli-Loko Brno A"]
[Site "?"]
[Date "2024.01.07"]
[Round "25.1"]
[White "Uricar, Jakub"]
[Black "Kratochvil, Josef"]
[Result "0-1"]
[WhiteElo "2131"]
[BlackElo "2240"]
[PlyCount "90"]
[SourceDate "2022.08.13"]

1. e4 c5 2. Nc3 e6 3. g3 d5 4. Bg2 Nf6 5. e5 Nfd7 6. f4 Nc6 7. Nf3 Be7 8. d3 b5
9. Qe2 b4 10. Nd1 Qb6 11. Be3 Bb7 12. O-O O-O 13. Kh1 f6 14. exf6 Bxf6 15. g4
Rae8 16. g5 Bd8 17. Nh4 Ne7 18. Bd2 Bc7 19. Qg4 Nf5 20. Ne3 g6 21. Rae1 Qd6 22.
Nhxf5 exf5 23. Qf3 Nb6 24. c4 bxc3 25. Bxc3 Ba8 26. Be5 Qd8 27. d4 cxd4 28. Nc2
Bxe5 29. fxe5 Qxg5 30. Nxd4 Nc4 31. Qc3 f4 32. Nf3 Qg4 33. Rg1 Ne3 34. Qa3 d4
35. h3 Qg3 36. Ref1 Rc8 37. e6 Rc2 38. e7 Re8 39. Qb3+ Bd5 40. Qb5 Rxe7 41.
Qb8+ Kg7 42. Qd6 Rf7 43. Qe5+ Kg8 44. Qg5 Qxg5 45. Nxg5 Nxg2 0-1

[Event "Jm KP I 23-24 Veseli-Loko Brno A"]
[Site "?"]
[Date "2024.01.07"]
[Round "25.2"]
[White "Kratochvil, Karel"]
[Black "Symersky, Petr"]
[Result "1-0"]
[WhiteElo "2152"]
[BlackElo "2090"]
[PlyCount "81"]
[SourceDate "2022.08.13"]

1. d4 d5 2. c4 e6 3. Nc3 Nf6 4. Bg5 Be7 5. e3 Nbd7 6. Nf3 h6 7. Bh4 c6 8. Qc2
O-O 9. O-O-O Nb6 10. Ne5 dxc4 11. Nxc4 Nxc4 12. Bxc4 Nd5 13. Bxe7 Qxe7 14. Kb1
Qb4 15. Ne4 Qe7 16. Ng3 b6 17. Rhe1 Bb7 18. e4 Nf4 19. d5 Rad8 20. dxe6 Nxe6
21. Nf5 Qb4 22. f3 Bc8 23. Bb3 Nc5 24. Ne7+ Kh8 25. Nxc6 Rxd1+ 26. Rxd1 Qb5 27.
Nxa7 Qe8 28. Nxc8 Qxc8 29. Bd5 Qb8 30. g3 Qe5 31. f4 Qh5 32. Rc1 Qf3 33. Qd1
Qg2 34. Rc2 Qh3 35. Qe2 Qd7 36. b4 Ne6 37. Qc4 Nd8 38. Qc7 Qb5 39. Qd6 Kg8 40.
Kb2 Re8 41. a3 1-0

[Event "Jm KP I 23-24 Veseli-Loko Brno A"]
[Site "?"]
[Date "2024.01.07"]
[Round "25.3"]
[White "Skalka, Jan"]
[Black "Meduna, Eduard"]
[Result "0-1"]
[WhiteElo "1951"]
[BlackElo "2103"]
[PlyCount "58"]
[SourceDate "2022.08.13"]

1. c4 c5 2. g3 g6 3. Bg2 Bg7 4. Nc3 Nc6 5. Nf3 Nf6 6. d4 cxd4 7. Nxd4 O-O 8.
O-O Qb6 9. Nb3 d6 10. Be3 Qc7 11. Nd5 Nxd5 12. cxd5 Ne5 13. Rc1 Qd8 14. Bd4 Bd7
15. f4 Ng4 16. Bxg7 Kxg7 17. Qd4+ Nf6 18. e4 Qb6 19. Qxb6 axb6 20. Rc7 Rfd8 21.
e5 Ne8 22. Rxb7 Rxa2 23. e6 fxe6 24. Bh3 Kf8 25. Nd4 Rxb2 26. Bxe6 Nf6 27. Nc6
Bxe6 28. Nxd8 Bxd5 29. Rb8 Rg2+ 0-1

[Event "Jm KP I 23-24 Veseli-Loko Brno A"]
[Site "?"]
[Date "2024.01.07"]
[Round "25.4"]
[White "Cermak, Jan"]
[Black "Vrtal, Jaroslav"]
[Result "1/2-1/2"]
[WhiteElo "2035"]
[BlackElo "1966"]
[PlyCount "52"]
[SourceDate "2022.08.13"]

1. e4 c5 2. Nf3 a6 3. c3 d5 4. exd5 Qxd5 5. d4 e6 6. Be2 Nf6 7. O-O Be7 8. Ne5
O-O 9. Bf3 Qd8 10. Be3 cxd4 11. Bxd4 Nbd7 12. Nd2 Qc7 13. Qe2 Bc5 14. Ndc4 Bxd4
15. cxd4 Nb6 16. Rac1 Nbd5 17. a3 Qd8 18. Ne3 Bd7 19. Nxd5 exd5 20. Nxd7 Qxd7
21. Rc5 Rfe8 22. Qc2 Re7 23. Rc1 Rae8 24. Qd2 b6 25. R5c3 Ne4 26. Bxe4 Rxe4
1/2-1/2

[Event "Jm KP I 23-24 Veseli-Loko Brno A"]
[Site "?"]
[Date "2024.01.07"]
[Round "25.5"]
[White "Krizek, Frantisek"]
[Black "Hejny, Jaroslav"]
[Result "1/2-1/2"]
[WhiteElo "1916"]
[BlackElo "1985"]
[PlyCount "90"]
[SourceDate "2022.08.13"]

1. c4 e6 2. Nc3 d5 3. cxd5 exd5 4. d4 c6 5. Qc2 Nf6 6. Nf3 Be7 7. Bg5 h6 8. Bh4
O-O 9. e3 Be6 10. Bd3 Nbd7 11. O-O Rc8 12. Rac1 c5 13. Qd2 a6 14. dxc5 Nxc5 15.
Bb1 Qd6 16. b4 Ncd7 17. a3 Nb6 18. Qd3 g6 19. Qd4 Rc4 20. Bg3 Qd8 21. Qd2 Ne4
22. Nxe4 dxe4 23. Nd4 Bf6 24. Rxc4 Nxc4 25. Qc3 Bxd4 26. exd4 Bd5 27. Re1 Re8
28. Bf4 g5 29. Bc1 Qd7 30. Qg3 Qd6 31. Qh3 Qe6 32. Qh5 Nd6 33. f4 g4 34. f5
Qxf5 35. Qxh6 Re6 36. Qf4 Qxf4 37. Bxf4 Nc4 38. Bc1 f5 39. Kf2 Kf7 40. Kg3 Re8
41. Kf4 Kf6 42. a4 b5 43. a5 Rh8 44. Kg3 Rc8 45. Bf4 Na3 1/2-1/2

[Event "Jm KP I 23-24 Veseli-Loko Brno A"]
[Site "?"]
[Date "2024.01.07"]
[Round "25.6"]
[White "Straka, Vojtech"]
[Black "Klenner, Richard"]
[Result "0-1"]
[WhiteElo "1989"]
[BlackElo "1952"]
[PlyCount "60"]
[SourceDate "2022.08.13"]

1. c4 d6 2. g3 e5 3. Bg2 f5 4. Nc3 Nf6 5. e4 Nc6 6. Nge2 Be7 7. O-O Nd4 8. exf5
c6 9. Nxd4 exd4 10. Ne2 Qb6 11. Qc2 O-O 12. Qd3 c5 13. Nf4 Ng4 14. Bd5+ Kh8 15.
Qe2 Ne5 16. g4 g6 17. Nxg6+ hxg6 18. f4 Nxg4 19. fxg6 Qd8 20. d3 Bf5 21. Bxb7
Rb8 22. Be4 Kg7 23. Bxf5 Rxf5 24. Qxg4 Qd7 25. Rf2 Rg5 26. Qxg5 Bxg5 27. fxg5
Qg4+ 28. Kf1 Qd1+ 29. Kg2 Re8 30. h4 Qg4+ 0-1

[Event "Jm KP I 23-24 Veseli-Loko Brno A"]
[Site "?"]
[Date "2024.01.07"]
[Round "25.7"]
[White "Kusalik, Roman"]
[Black "Wunsch, Radek"]
[Result "1-0"]
[WhiteElo "2022"]
[BlackElo "1945"]
[PlyCount "47"]
[SourceDate "2022.08.13"]

1. e4 Nc6 2. Nc3 e5 3. f4 exf4 4. Nf3 Bb4 5. Bc4 Nf6 6. e5 d5 7. Bb3 d4 8. exf6
dxc3 9. Qe2+ Be6 10. bxc3 O-O 11. O-O Qxf6 12. Bxe6 fxe6 13. Rb1 Ba5 14. Ba3
Rfe8 15. Qc4 Bb6+ 16. d4 Kh8 17. Kh1 Qf5 18. Rbe1 h6 19. Nh4 Qf6 20. Rxf4 Qd8
21. Ng6+ Kh7 22. Qd3 Kg8 23. Ref1 Qd7 24. Nf8 1-0

[Event "Jm KP I 23-24 Veseli-Loko Brno A"]
[Site "?"]
[Date "2024.01.07"]
[Round "25.8"]
[White "Vacekova, Anita"]
[Black "Navratil, Josef"]
[Result "1/2-1/2"]
[WhiteElo "1612"]
[BlackElo "1962"]
[PlyCount "30"]
[SourceDate "2022.08.13"]

1. e4 e6 2. d4 d5 3. Nc3 Nf6 4. e5 Nfd7 5. f4 c5 6. Nf3 Nc6 7. Be3 a6 8. Be2 b5
9. dxc5 Bxc5 10. Bxc5 Nxc5 11. Nd4 Ne7 12. b4 Ne4 13. Nxe4 dxe4 14. a4 bxa4 15.
Rxa4 Nd5 1/2-1/2

[Event "Jm KP I 23-24 Lipovec - Jundov C"]
[Site "?"]
[Date "2024.01.07"]
[Round "26.1"]
[White "Fojtik, Tomas"]
[Black "Bednar, Jakub"]
[Result "1-0"]
[WhiteElo "2039"]
[BlackElo "2233"]
[PlyCount "103"]
[EventDate "2023.??.??"]
[SourceDate "2022.08.13"]

1. c4 e5 2. g3 Nf6 3. Bg2 g6 4. Nc3 Bg7 5. e3 O-O 6. Nge2 c6 7. O-O Na6 8. d4
d6 9. b3 Bg4 10. f3 Be6 11. d5 cxd5 12. cxd5 Bd7 13. e4 Nh5 14. Be3 f5 15. Qd2
Nf6 16. Rfc1 Qa5 17. h3 Nc5 18. Rab1 Na6 19. Kh2 Rfc8 20. Qb2 Qd8 21. b4 Nc7
22. b5 b6 23. a4 Nce8 24. Na2 f4 25. gxf4 exf4 26. Bd4 Nh5 27. Nb4 Qh4 28. Bxg7
Nexg7 29. Nc6 Ng3 30. Re1 Nxe2 31. Qxe2 Re8 32. Qf1 Nh5 33. Kg1 Ng3 34. Qf2
Bxh3 35. Bxh3 Qxh3 36. Qh2 Qd7 37. Qh4 Qf7 38. Nd4 Rec8 39. Nc6 Rc7 40. Rbd1
Re8 41. e5 dxe5 42. d6 Nf5 43. Qh2 Rd7 44. Nxe5 Rxe5 45. Rxe5 Qf6 46. Qa2+ Kg7
47. Qe6 Qg5+ 48. Kf1 Rf7 49. d7 Rf8 50. Qe8 Ne3+ 51. Rxe3 fxe3 52. Qxf8+ 1-0

[Event "Jm KP I 23-24 Lipovec - Jundov C"]
[Site "?"]
[Date "2024.01.07"]
[Round "26.2"]
[White "Slepov, Cyril"]
[Black "Pernicova, Tana"]
[Result "1-0"]
[WhiteElo "2164"]
[BlackElo "2027"]
[PlyCount "73"]
[EventDate "2023.??.??"]
[SourceDate "2022.08.13"]

1. d4 e6 2. c4 Nf6 3. g3 Be7 4. Bg2 O-O 5. Nc3 d6 6. Nf3 Nc6 7. O-O Nh5 8. e4
f5 9. e5 g6 10. Bh6 Re8 11. Re1 Bf8 12. Qd2 Bg7 13. Bg5 Qd7 14. Rad1 Nd8 15. h3
Bh8 16. g4 Ng7 17. b4 Nf7 18. Bf4 fxg4 19. hxg4 d5 20. Nh2 c6 21. g5 Nf5 22.
Ng4 Qe7 23. cxd5 cxd5 24. Bxd5 Rd8 25. Nf6+ Kg7 26. Be4 Nxd4 27. Qe3 Qxb4 28.
Qh3 Kf8 29. Nxh7+ Ke7 30. Nf6 Bg7 31. Bxg6 Qc4 32. Rc1 Qa6 33. Nce4 Nc6 34. Qh7
Nd4 35. Qxg7 Nf3+ 36. Kh1 Rh8+ 37. Nh7 1-0

[Event "Jm KP I 23-24 Lipovec - Jundov C"]
[Site "?"]
[Date "2024.01.07"]
[Round "26.4"]
[White "Ruzicka, Martin"]
[Black "Krejci, Petr"]
[Result "1-0"]
[WhiteElo "1921"]
[BlackElo "1827"]
[PlyCount "94"]
[EventDate "2023.??.??"]
[SourceDate "2022.08.13"]

1. d4 Nf6 2. Nc3 d5 3. Bg5 e6 4. e4 dxe4 5. Nxe4 Be7 6. Bxf6 Bxf6 7. Nf3 Bd7 8.
Bd3 Bc6 9. c3 Nd7 10. Qe2 Be7 11. O-O O-O 12. b4 Nf6 13. Nxf6+ Bxf6 14. b5 Bxf3
15. Qxf3 Qd5 16. Qe2 Qd6 17. Qe4 g6 18. Qxb7 Rfb8 19. Qe4 Rc8 20. a4 c5 21.
bxc6 Rxc6 22. Qf3 Kg7 23. Be4 Rac8 24. Bxc6 Rxc6 25. Rfd1 Qc7 26. Rd3 Rc4 27.
g3 h5 28. h4 Qa5 29. Kg2 Qc7 30. a5 a6 31. Qe3 Qc6+ 32. Kg1 Qc7 33. Qd2 Kg8 34.
Qb2 Kg7 35. Ra3 Be7 36. Ra2 Bf6 37. Qb6 Rxc3 38. Qxc7 Rxc7 39. d5 Rd7 40. d6
Bd8 41. f4 Kf6 42. Kf2 e5 43. Kf3 Kf5 44. fxe5 Kxe5 45. Re2+ Kf6 46. Rd4 Kg7
47. Ke4 Bf6 1-0

[Event "Jm KP I 23-24 Lipovec - Jundov C"]
[Site "?"]
[Date "2024.01.07"]
[Round "26.5"]
[White "Sekanina, Jiri"]
[Black "Sipek, Oldrich"]
[Result "1/2-1/2"]
[WhiteElo "1974"]
[BlackElo "1893"]
[PlyCount "101"]
[EventDate "2023.??.??"]
[SourceDate "2022.08.13"]

1. e4 c5 2. Nf3 Nc6 3. d4 cxd4 4. Nxd4 Qb6 5. Nb3 Nf6 6. Nc3 e6 7. Bd3 a5 8.
O-O a4 9. Be3 Qd8 10. Nd2 Bb4 11. Nb5 Ne5 12. Bf4 d6 13. Bxe5 dxe5 14. Nc4 Nd7
15. c3 Be7 16. Bc2 O-O 17. Bxa4 Nc5 18. Bc2 Bd7 19. a4 f6 20. b4 Na6 21. Bb3
Nc7 22. Nba3 Bc6 23. Qc2 f5 24. exf5 Rxf5 25. Ne3 Rg5 26. b5 Bd7 27. Rad1 Bxa3
28. Nc4 Bc5 29. Nd2 Rg6 30. Ne4 Be7 31. c4 Rc8 32. Nd6 Bxd6 33. Rxd6 Qe7 34.
Qd2 Be8 35. c5 Bf7 36. Rd7 Qg5 37. Qxg5 Rxg5 38. Rfd1 e4 39. Rxc7 Rxc7 40. Rd8+
Be8 41. Rxe8+ Kf7 42. Rxe6 Rgxc5 43. Rxe4+ Kf6 44. g3 Rc3 45. Bg8 h6 46. h4 Kf5
47. Bh7+ g6 48. Rf4+ Ke5 49. Bxg6 R3c4 50. b6 R7c6 51. Rf5+ 1/2-1/2

[Event "Jm KP I 23-24 Lipovec - Jundov C"]
[Site "?"]
[Date "2024.01.07"]
[Round "26.6"]
[White "Tioka, Zdenek"]
[Black "Sevcik, Milos"]
[Result "1/2-1/2"]
[WhiteElo "1934"]
[BlackElo "1901"]
[PlyCount "130"]
[EventDate "2023.??.??"]
[SourceDate "2022.08.13"]

1. e4 c6 2. d4 d5 3. exd5 cxd5 4. Bd3 Nf6 5. c3 Nc6 6. Bf4 e6 7. Nf3 Bd6 8. Qd2
h6 9. O-O Qc7 10. Bxd6 Qxd6 11. Re1 O-O 12. Na3 a6 13. Ne5 Nd7 14. f4 f5 15.
Nxd7 Bxd7 16. Qf2 b5 17. b4 Ne7 18. Re3 Ng6 19. g3 Rfc8 20. Bf1 Rc7 21. Rae1
Rb8 22. Nb1 Rbc8 23. Qb2 Qb6 24. Nd2 Rxc3 25. Nb3 Rxe3 26. Rxe3 Nf8 27. Nc5 Ra8
28. Qd2 Qd6 29. Rc3 Nh7 30. Qe3 Nf6 31. Qe5 Qxe5 32. fxe5 Ne4 33. Nxe4 dxe4 34.
Rc7 Be8 35. Be2 Rd8 36. h3 g6 37. Ra7 Rxd4 38. Rxa6 Kf7 39. Ra7+ Rd7 40. Ra8
Rd5 41. Ra7+ Kf8 42. Kf2 Rxe5 43. Ke3 Rd5 44. h4 e5 45. Rc7 Bd7 46. Rb7 Ke7 47.
Rb6 Rd6 48. Rb7 Ke6 49. Bxb5 Bxb5 50. Rxb5 Ra6 51. a4 Rxa4 52. Rb6+ Kf7 53.
Rb7+ Kf8 54. Rb6 Kg7 55. Rb7+ Kf6 56. Rb6+ Ke7 57. Rxg6 Rxb4 58. Rxh6 Rb3+ 59.
Kf2 f4 60. gxf4 exf4 61. Ra6 Rb2+ 62. Kf1 Rh2 63. Ra4 Rxh4 64. Rxe4+ Kf6 65.
Kg2 Kg5 1/2-1/2

[Event "Jm KP I 23-24 Lipovec - Jundov C"]
[Site "?"]
[Date "2024.01.07"]
[Round "26.7"]
[White "Hlousek, Zdenek"]
[Black "Sipek, Michal"]
[Result "1/2-1/2"]
[WhiteElo "1872"]
[BlackElo "1891"]
[PlyCount "79"]
[EventDate "2023.??.??"]
[SourceDate "2022.08.13"]

1. d4 d6 2. Bf4 Nf6 3. e3 c5 4. c3 Qa5 5. Nd2 cxd4 6. exd4 Qf5 7. Bg3 Nh5 8.
Ngf3 g6 9. Qe2 Qe6 10. Ng5 Qxe2+ 11. Bxe2 Nxg3 12. hxg3 h6 13. Bc4 e6 14. Ngf3
Bd7 15. O-O Be7 16. Rfe1 O-O 17. Rad1 a5 18. Bd3 Bc6 19. c4 Re8 20. Re2 Na6 21.
a3 Nc7 22. Rde1 Bf8 23. Ne4 Kg7 24. Ned2 b5 25. Rc1 Rec8 26. c5 Na6 27. cxd6
Bxd6 28. Ne5 Be8 29. Rxc8 Rxc8 30. Ne4 Be7 31. a4 Rc1+ 32. Kh2 Nc7 33. axb5
Nxb5 34. Nf3 g5 35. g4 Nd6 36. Re1 Rxe1 37. Nxe1 Bc6 38. Nxd6 Bxd6+ 39. Kg1 Bf4
40. b3 1/2-1/2

[Event "Jm KP I 23-24 Lipovec - Jundov C"]
[Site "?"]
[Date "2024.01.07"]
[Round "26.8"]
[White "Vojtek, Pavel"]
[Black "Hubeny, Pavel"]
[Result "1-0"]
[WhiteElo "1769"]
[BlackElo "1710"]
[PlyCount "101"]
[EventDate "2023.??.??"]
[SourceDate "2022.08.13"]

1. d4 f5 2. Nf3 Nf6 3. c4 e6 4. g3 Bb4+ 5. Bd2 Bxd2+ 6. Nbxd2 d6 7. Bg2 O-O 8.
O-O Nbd7 9. Qb3 c6 10. c5 d5 11. Rfc1 Qe7 12. Qc3 Ne4 13. Nxe4 fxe4 14. Ne5
Nxe5 15. dxe5 Qc7 16. f4 Bd7 17. e3 b6 18. b4 Rfb8 19. a4 a6 20. Bf1 Ra7 21.
Ra2 bxc5 22. Qxc5 Qb6 23. Rb2 Qxc5 24. Rxc5 Kf7 25. Ra5 Rb6 26. b5 c5 27. Ra2
c4 28. Kf2 Ke7 29. Ke1 Rab7 30. Rxa6 Rxa6 31. bxa6 Ra7 32. Kd2 Rxa6 33. a5 Kd8
34. Kc3 Kc7 35. Kb4 Ra8 36. Kc5 Ra6 37. f5 Rc6+ 38. Kd4 exf5 39. Kxd5 Be6+ 40.
Kd4 Ra6 41. Bxc4 Bxc4 42. Kxc4 Kc6 43. e6 Kd6 44. Kb5 Ra8 45. Rd2+ Kxe6 46. a6
g5 47. Kb6 Ke5 48. Rf2 h5 49. Kb7 Rxa6 50. Kxa6 h4 51. Kb5 1-0

[Event "Jm KP I 23-24 Lipovec - Jundov C"]
[Site "?"]
[Date "2024.01.07"]
[Round "26.3"]
[White "Pokladnik, Martin"]
[Black "Ruzicka, Frantisek"]
[Result "1/2-1/2"]
[WhiteElo "2028"]
[BlackElo "2033"]
[PlyCount "144"]
[EventDate "2023.??.??"]
[SourceDate "2022.08.13"]

1. e4 c5 2. Nf3 e6 3. d4 cxd4 4. Nxd4 a6 5. Bd3 Qc7 6. O-O Nf6 7. Re1 d6 8. Nc3
Nbd7 9. f4 Be7 10. f5 e5 11. Nb3 b5 12. a3 Bb7 13. Qf3 Rc8 14. Be3 Qb8 15. Rad1
O-O 16. g4 Rxc3 17. bxc3 d5 18. g5 dxe4 19. Qh3 exd3 20. gxf6 Nxf6 21. cxd3 Qc7
22. c4 bxc4 23. dxc4 Be4 24. Nd2 Bc2 25. Rc1 Ba4 26. Bf2 Rd8 27. Ne4 Nxe4 28.
Rxe4 Bg5 29. Rce1 f6 30. c5 Bc2 31. Rc4 Bd3 32. Rc3 e4 33. Be3 Bxe3+ 34. Qxe3
Qe5 35. Rec1 Qxf5 36. c6 Rc8 37. c7 Kf7 38. Rc5 Qg4+ 39. Kf2 Qd7 40. Rc6 Bb5
41. Qb3+ Kf8 42. Qb4+ Kg8 43. R6c5 Qd3 44. Qc3 Qxc3 45. R1xc3 Kf7 46. Ke3 Bd3
47. Kd4 Ke7 48. Rd5 g6 49. a4 g5 50. Rc6 Bb1 51. Rd8 Rxc7 52. Rxc7+ Kxd8 53.
Rf7 Bd3 54. Rxf6 Ke7 55. Rh6 Kf7 56. Rxh7+ Kg6 57. Re7 Kf5 58. Ke3 Kg4 59. Re5
Kh4 60. h3 Kh5 61. Kf2 Kg6 62. Kg3 Kf6 63. Re8 Kf5 64. Rd8 Kf6 65. Rd5 Kg6 66.
a5 Kf6 67. h4 gxh4+ 68. Kxh4 Ke6 69. Rg5 e3 70. Kg3 e2 71. Kf2 Kd6 72. Ke1 Kc6
1/2-1/2

[Event "JmKP I 23-24 Univerzita B-Lokomotiva B"]
[Site "?"]
[Date "2024.01.07"]
[Round "27.1"]
[White "Gajdos, Daniel"]
[Black "Buchta, Vaclav"]
[Result "1/2-1/2"]
[WhiteElo "2088"]
[BlackElo "1995"]
[PlyCount "45"]
[SourceDate "2022.08.13"]

1. Nf3 Nf6 2. g3 g6 3. b3 d5 4. Bb2 c5 5. Bg2 Bg7 6. O-O O-O 7. c4 d4 8. b4 Re8
9. d3 e5 10. bxc5 Nbd7 11. c6 bxc6 12. Nfd2 Rb8 13. Ba3 e4 14. Nxe4 Nxe4 15.
Bxe4 Rxe4 16. dxe4 d3 17. Nd2 Bxa1 18. Qxa1 Qa5 19. Bc1 dxe2 20. Re1 Qe5 21.
Qxe5 Nxe5 22. Rxe2 Ba6 23. f4 1/2-1/2